Equitable payment :

Gespeichert in:
Bibliographische Detailangaben
1. Verfasser: Jacques, Elliott
Format: Buch
Sprache:Undetermined
Veröffentlicht: London Penguin Books 1967
Schlagworte:
Tags: Tag hinzufügen
Keine Tags, Fügen Sie den ersten Tag hinzu!
Thư viện lưu trữ: Trung tâm Học liệu Trường Đại học Cần Thơ
LEADER 00468nam a2200181Ia 4500
001 CTU_87743
008 210402s9999 xx 000 0 und d
082 |a 331.2 
082 |b J19 
100 |a Jacques, Elliott 
245 0 |a Equitable payment : 
245 0 |c Elliott Jacques 
260 |a London 
260 |b Penguin Books 
260 |c 1967 
650 |a Ưages,Ưork,Responsibility 
904 |i Truc 
980 |a Trung tâm Học liệu Trường Đại học Cần Thơ